Movies Quiz

Random Movies or Director Quiz
Score 0/25 Timer 07:00
1 Play Today
% Correct
Sherlock Holmes (Guy Ritchie)
93.2%
Top Gun (Tony Scott)
91%
Harry Potter and the Prisoner of Azkaban (Alfonso Cuarón)
86.6%
Alien 3 (David Fincher)
83.1%
Milk (Gus Van Sant)
81.4%
Lawrence of Arabia (David Lean)
79.1%
The Shawshank Redemption (Frank Darabont)
78.4%
Apocalypse Now (Francis Ford Coppola)
75.5%
X2 (Bryan Singer)
75.1%
There Will Be Blood (Paul Thomas Anderson)
74.9%
Wall Street: Money Never Sleeps (Oliver Stone)
71.6%
12 Angry Men (Sidney Lumet)
68.7%
Total Recall (Paul Verhoeven)
62.5%
% Correct
Heat (Michael Mann)
61.2%
Rush (Ron Howard)
57.8%
Apocalypto (Mel Gibson)
56.3%
Knocked Up (Judd Apatow)
55.5%
The Hurt Locker (Kathryn Bigelow)
54.1%
Dazed and Confused (Richard Linklater)
50.8%
Letters from Iwo Jima (Clint Eastwood)
44.1%
The Informant! (Steven Soderbergh)
40.1%
Almost Famous (Cameron Crowe)
39.2%
A Streetcar Named Desire (Elia Kazan)
39.1%
What Lies Beneath (Robert Zemeckis)
36.2%
United 93 (Paul Greengrass)
26.1%

You're not logged in!

Compare scores with friends on all Sporcle quizzes.
OR
Log In

Sporcle TV

Today on Sporcle TV


Watch our educational content, quiz creation guides, and fun videos on Sporcle TV.

Show Comments

Extras

Top Quizzes Today


Score Distribution

Paid Content

Your Account Isn't Verified!

In order to create a playlist on Sporcle, you need to verify the email address you used during registration. Go to your Sporcle Settings to finish the process.

Report this User

Report this user for behavior that violates our Community Guidelines.

Details: